|
|
|
|
| LEADER |
00000nam a2200000Ii 4500 |
| 001 |
DIGUANTIQ036 |
| 003 |
NyNyDIG |
| 006 |
m o d |
| 007 |
cr ||||||||||| |
| 008 |
220507s2021 ck a ob 000 0 spa d |
| 035 |
|
|
|a (OCoLC)1285239749
|
| 040 |
|
|
|a DGITA
|b eng
|e rda
|e pn
|c DGITA
|
| 020 |
|
|
|a 9786287519022
|q eBook
|q ePub
|
| 020 |
|
|
|z 9786287519015
|
| 050 |
1 |
4 |
|a GN301 ebook
|
| 245 |
0 |
0 |
|a Etnografía y espacio :
|b tránsitos conceptuales y desafíos del hacer /
|c Natalia Quiceno Toro, Jonathan Echeverri Zuluaga, (compiladores)
|
| 250 |
|
|
|a Primera edición.
|
| 264 |
|
1 |
|a Medellín, Colombia :
|b Universidad de Antioquia, Facultad de Ciencias Sociales y Humanas,
|c [2021]
|
| 300 |
|
|
|a 1 online resource :
|b illustrations.
|
| 336 |
|
|
|a text
|b txt
|2 rdacontent
|
| 337 |
|
|
|a computer
|b c
|2 rdamedia
|
| 338 |
|
|
|a online resource
|b cr
|2 rdacarrier
|
| 347 |
|
|
|a text file
|2 rdaft
|
| 347 |
|
|
|b EPUB
|
| 490 |
1 |
|
|a FCSH investigación. Antropología
|
| 504 |
|
|
|a Includes bibliographical references.
|
| 588 |
0 |
|
|a Online resource; title from ePub title page (Digitalia, viewed May 7, 2022)
|
| 650 |
|
0 |
|a Ethnology.
|
| 650 |
|
0 |
|a Ethnology
|v Case studies.
|
| 655 |
|
0 |
|a Electronic books.
|
| 700 |
1 |
|
|a Quiceno Toro, Natalia,
|e compiler.
|
| 700 |
1 |
|
|a Echeverri Zuluaga, Jonathan,
|e compiler.
|
| 791 |
2 |
|
|a Digitalia (Firm),
|e distributor.
|
| 793 |
0 |
|
|g Digitalia eBook Collection:
|a Universidad de Antioquia
|
| 776 |
0 |
8 |
|i Print version:
|t Etnografía y espacio.
|b Primera edición.
|d Medellín, Colombia : Universidad de Antioquia, Facultad de Ciencias Sociales y Humanas, [2021]
|z 9786287519015
|
| 830 |
|
0 |
|a FCSH investigación (Universidad de Antioquia. Facultad de Ciencias Sociales y Humanas).
|p Antropología.
|
| 856 |
4 |
0 |
|3 Digitalia Hispánica
|u https://www.digitaliapublishing.com/a/111225/
|
| 910 |
|
|
|a Premium collection: 2022
|